[Event "Zadar B Open 2016"]
[Site "Zadar"]
[Date "2016.12.12"]
[Round "3.17"]
[White "Elishev, Ivan"]
[Black "Golubicic, Luka"]
[Result "1-0"]
[WhiteElo "2122"]
[BlackElo "1910"]
[PlyCount "83"]
[EventDate "2016.12.11"]
[EventCountry "CRO"]

1. c4 Nc6 2. d4 d5 3. Nf3 Nf6 4. Nc3 e6 5. g3 Be7 6. Bg2 O-O 7. O-O b6 8. Ne5
Bb7 9. e3 Nxe5 10. dxe5 Ne4 11. Nxe4 dxe4 12. Qc2 c5 13. Bxe4 Bxe4 14. Qxe4 Qc7
15. Bd2 Rad8 16. Bc3 Rd7 17. Rad1 Rfd8 18. Qf3 Rxd1 19. Rxd1 Rxd1+ 20. Qxd1 Qc6
21. f3 h6 22. Kf2 Kh7 23. Qb3 Qd7 24. Ke2 Kg8 25. Qb5 Qxb5 26. cxb5 Kf8 27. f4
h5 28. e4 g6 29. Bd2 Ke8 30. Kf3 Kf8 31. f5 Kg8 32. Bh6 Bd8 33. Kf4 Bc7 34. Bg5
Kf8 35. Bf6 Kg8 36. Be7 Kg7 37. Bd6 Bd8 38. f6+ Kh7 39. b3 Kg8 40. Bb8 Kf8 41.
Bxa7 Bc7 42. a4 1-0

[Event "Zadar B Open 2016"]
[Site "Zadar"]
[Date "2016.12.12"]
[Round "3.19"]
[White "Peric, Davor"]
[Black "Vidovic, Ante"]
[Result "0-1"]
[WhiteElo "1809"]
[BlackElo "2093"]
[PlyCount "96"]
[EventDate "2016.12.11"]
[EventCountry "CRO"]

1. d4 Nf6 2. Bf4 g6 3. e3 Bg7 4. Nf3 d6 5. Be2 c5 6. c3 O-O 7. O-O Nbd7 8. Nbd2
a6 9. a4 b6 10. h3 Bb7 11. Qb1 d5 12. Ne5 Nxe5 13. Bxe5 Nd7 14. Bxg7 Kxg7 15.
Nf3 Qc7 16. Rc1 Rfe8 17. c4 dxc4 18. Rxc4 Bd5 19. Rc3 Qb7 20. Qf1 e5 21. dxe5
Nxe5 22. Nxe5 Rxe5 23. f4 Re4 24. Bf3 Rb4 25. b3 Bxf3 26. Qxf3 Qxf3 27. gxf3
Rd8 28. a5 Rd2 29. axb6 Rxb6 30. Rxc5 Rxb3 31. Re5 Rbb2 32. Rea5 Rg2+ 33. Kh1
Rh2+ 34. Kg1 Rbg2+ 35. Kf1 Rf2+ 36. Kg1 Rhg2+ 37. Kh1 Rg3 38. Rxa6 Rfxf3 39.
R6a3 Rxh3+ 40. Kg2 Rxe3 41. Rxe3 Rxe3 42. Kf2 Rb3 43. Rg1 Kf6 44. Rg5 h6 45.
Rc5 g5 46. Rc6+ Kg7 47. fxg5 hxg5 48. Kg2 f6 0-1

[Event "Zadar B Open 2016"]
[Site "Zadar"]
[Date "2016.12.12"]
[Round "3.20"]
[White "Valette, Christian"]
[Black "Thier, Robert"]
[Result "1-0"]
[WhiteElo "2084"]
[BlackElo "1859"]
[PlyCount "69"]
[EventDate "2016.12.11"]
[EventCountry "CRO"]

1. d4 d5 2. Nf3 Nf6 3. c4 c6 4. Qc2 e6 5. Bg5 Nbd7 6. e3 Qa5+ 7. Nbd2 Ne4 8.
cxd5 cxd5 9. Bd3 Ndf6 10. O-O Nxg5 11. Nxg5 Bd6 12. f4 Bd7 13. Rac1 h6 14. Ngf3
O-O 15. Nb3 Qb6 16. Nc5 Bb5 17. Qb1 Bxd3 18. Qxd3 Rfc8 19. b4 Bxc5 20. bxc5 Qa5
21. Rc2 Rc7 22. Ne5 Ne4 23. Rb1 b6 24. cxb6 Rxc2 25. b7 Rb8 26. Qxc2 Nd6 27. h3
Qa6 28. Qc7 Rxb7 29. Rxb7 Nxb7 30. Qxf7+ Kh7 31. Ng6 Nd8 32. Nf8+ Kh8 33. Qe8
Qa5 34. Nxe6+ Kh7 35. Nxd8 1-0

[Event "Zadar B Open 2016"]
[Site "Zadar"]
[Date "2016.12.13"]
[Round "4.1"]
[White "Stipic, Marko"]
[Black "Medancic, Rikard"]
[Result "1/2-1/2"]
[WhiteElo "2152"]
[BlackElo "2267"]
[PlyCount "49"]
[EventDate "2016.12.11"]
[EventCountry "CRO"]

1. g3 f5 2. d4 d5 3. Nf3 Nf6 4. Bg2 e6 5. O-O Bd6 6. c4 c6 7. b3 O-O 8. Ba3
Bxa3 9. Nxa3 Bd7 10. Nc2 Be8 11. Ne5 Nbd7 12. Nxd7 Qxd7 13. Ne1 Bh5 14. Qc2 Kh8
15. e3 g5 16. Nd3 Qg7 17. cxd5 exd5 18. f4 Rae8 19. Rae1 Ne4 20. Ne5 gxf4 21.
gxf4 Rg8 22. Kh1 Re6 23. Bxe4 dxe4 24. Rg1 Bg4 25. Rg3 1/2-1/2

[Event "Zadar B Open 2016"]
[Site "Zadar"]
[Date "2016.12.13"]
[Round "4.2"]
[White "Muratovic, Enver"]
[Black "Babic, Andrija"]
[Result "1/2-1/2"]
[WhiteElo "2224"]
[BlackElo "2096"]
[PlyCount "118"]
[EventDate "2016.12.11"]
[EventCountry "CRO"]

1. e4 c5 2. Nf3 d6 3. Bb5+ Bd7 4. Bxd7+ Qxd7 5. O-O Nc6 6. b3 Nf6 7. Re1 g6 8.
Bb2 Bg7 9. c3 O-O 10. d4 cxd4 11. cxd4 d5 12. Ne5 Qc7 13. Nxc6 Qxc6 14. e5 Ne8
15. Ba3 Qd7 16. Qd2 Nc7 17. Nc3 Rfe8 18. Rac1 Rac8 19. Ne2 Ne6 20. f4 Bh6 21.
h3 f5 22. h4 Kf7 23. g3 Rxc1 24. Rxc1 Rc8 25. Kf2 Rxc1 26. Qxc1 Qc7 27. Qh1 Qc6
28. Qf3 Nc7 29. h5 Nb5 30. hxg6+ hxg6 31. Bb4 Nc7 32. Qh1 Bf8 33. Qh7+ Ke8 34.
a4 b6 35. Qg8 Qe6 36. Qh8 Qf7 37. Nc3 Qg7 38. Qh4 e6 39. Bxf8 Qxf8 40. Qh7 Qf7
41. Qh8+ Qf8 42. Qh7 Qf7 43. Qh6 a6 44. Ne2 Kd7 45. Ng1 Qe7 46. Qxg6 Qb4 47.
Ne2 Qxb3 48. g4 fxg4 49. Qxg4 Qd3 50. Qg7+ Kc6 51. Qe7 Kb7 52. Qb4 a5 53. Qb2
Na6 54. Qb5 Qc2 55. Qd7+ Nc7 56. Ke3 Kb8 57. Qd8+ Kb7 58. Qd7 Kb8 59. Qd8+ Kb7
1/2-1/2

[Event "Zadar B Open 2016"]
[Site "Zadar"]
[Date "2016.12.13"]
[Round "4.3"]
[White "Yordanov, Nikolay"]
[Black "Bozanic, Ivica"]
[Result "1/2-1/2"]
[WhiteElo "2146"]
[BlackElo "2216"]
[PlyCount "57"]
[EventDate "2016.12.11"]
[EventCountry "CRO"]

1. e4 e5 2. Nf3 Nc6 3. c3 Nf6 4. d4 Nxe4 5. d5 Ne7 6. Nxe5 Ng6 7. Qd4 Nd6 8.
Nc4 Qe7+ 9. Be2 Nxc4 10. Qxc4 Ne5 11. Qd4 c5 12. Qd1 d6 13. O-O Qd8 14. Re1 Be7
15. Bb5+ Bd7 16. Bxd7+ Qxd7 17. Bf4 Ng6 18. Bg3 O-O 19. Nd2 Bh4 20. Qh5 Bxg3
21. hxg3 Rae8 22. f4 Rxe1+ 23. Rxe1 Re8 24. Re4 Rxe4 25. Nxe4 Qe7 26. Qf5 Nf8
27. Ng5 h6 28. Nf3 Nd7 29. Kh2 1/2-1/2

[Event "Zadar B Open 2016"]
[Site "Zadar"]
[Date "2016.12.13"]
[Round "4.4"]
[White "Sulc, Damir"]
[Black "Komljenovic, Tihomir"]
[Result "1-0"]
[WhiteElo "2208"]
[BlackElo "2073"]
[PlyCount "103"]
[EventDate "2016.12.11"]
[EventCountry "CRO"]

1. e4 Nf6 2. e5 Nd5 3. d4 d6 4. Nf3 g6 5. Be2 Bg7 6. c4 Nb6 7. exd6 cxd6 8. Nc3
O-O 9. h3 Nc6 10. Be3 Bf5 11. Rc1 d5 12. b3 e5 13. c5 Nc8 14. dxe5 N8e7 15. O-O
Nxe5 16. Nd4 Be6 17. Qd2 N5c6 18. Rfd1 Qd7 19. Ncb5 Rfd8 20. Bh6 Bxh6 21. Qxh6
a6 22. Nxc6 Nf5 23. Qf4 Qxc6 24. Nd4 Nxd4 25. Rxd4 Qe8 26. Bf3 Rac8 27. h4 h5
28. Qg5 Qf8 29. b4 a5 30. a3 axb4 31. axb4 Qg7 32. Rcd1 b6 33. cxb6 Rb8 34.
Bxd5 Rxd5 35. Rxd5 Bxd5 36. Qxd5 Qf6 37. Qd6 Rxb6 38. Qxf6 Rxf6 39. Rd8+ Kg7
40. Rb8 Rc6 41. g3 Rc3 42. Kf1 Rc2 43. Rb6 Rb2 44. b5 Rb3 45. Ke2 Rb2+ 46. Ke3
Rc2 47. Rc6 Rb2 48. b6 Rb3+ 49. Kd4 Rb2 50. Kc3 Rb1 51. Kc4 Rb2 52. Kc5 1-0

[Event "Zadar B Open 2016"]
[Site "Zadar"]
[Date "2016.12.13"]
[Round "4.5"]
[White "Brkic, Ivica"]
[Black "Mihalinec, Damir"]
[Result "1-0"]
[WhiteElo "2083"]
[BlackElo "2202"]
[PlyCount "103"]
[EventDate "2016.12.11"]
[EventCountry "CRO"]

1. e4 c5 2. Nf3 d6 3. d4 cxd4 4. Nxd4 Nf6 5. Nc3 g6 6. Be3 Bg7 7. f3 O-O 8. Qd2
Nc6 9. g4 a6 10. h4 h5 11. g5 Nd7 12. f4 Na5 13. O-O-O b5 14. f5 Ne5 15. b3 Bd7
16. Bh3 Nac4 17. bxc4 Nxc4 18. Qe1 Qa5 19. Rd3 Rac8 20. f6 Bg4 21. Bxg4 Qa3+
22. Kd1 Nb2+ 23. Ke2 Nxd3 24. cxd3 Rxc3 25. fxg7 Re8 26. Bh3 e5 27. Nb3 Qxa2+
28. Nd2 b4 29. Qa1 Qc2 30. Qb1 Qa4 31. Nc4 d5 32. Nb6 Rc2+ 33. Bd2 Qa2 34. Qxa2
Rxa2 35. Nxd5 Rb8 36. Rb1 a5 37. Bd7 Kxg7 38. Ke3 Rd8 39. Bb5 Rc8 40. Bc4 Ra3
41. Bc1 Rxc4 42. Bxa3 Rc2 43. Nxb4 axb4 44. Bxb4 Rh2 45. Be7 f5 46. exf5 gxf5
47. Bf6+ Kg6 48. Bxe5 Rh3+ 49. Kf2 Rxd3 50. Rb6+ Kf7 51. Rh6 Rd5 52. Bf4 1-0

[Event "Zadar B Open 2016"]
[Site "Zadar"]
[Date "2016.12.13"]
[Round "4.6"]
[White "Luetic, Ante"]
[Black "Popovic, Ivo"]
[Result "1/2-1/2"]
[WhiteElo "2085"]
[BlackElo "2179"]
[PlyCount "54"]
[EventDate "2016.12.11"]
[EventCountry "CRO"]

1. c4 Nf6 2. Nc3 g6 3. g3 Bg7 4. Bg2 d6 5. Nf3 O-O 6. O-O c6 7. d3 Nbd7 8. Rb1
a5 9. a3 e5 10. b4 axb4 11. axb4 Re8 12. b5 d5 13. bxc6 bxc6 14. cxd5 cxd5 15.
Nd2 Nc5 16. Rb5 Bf8 17. Nb3 Nxb3 18. Qxb3 Bd7 19. Nxd5 Bxb5 20. Nxf6+ Qxf6 21.
Bxa8 Bxd3 22. Qxd3 Rxa8 23. Bb2 Qe6 24. Qe4 Re8 25. Rc1 Bg7 26. Qb7 e4 27. Bxg7
Kxg7 1/2-1/2

[Event "Zadar B Open 2016"]
[Site "Zadar"]
[Date "2016.12.13"]
[Round "4.7"]
[White "Egerc, Josip"]
[Black "Berke, Ana"]
[Result "0-1"]
[WhiteElo "2062"]
[BlackElo "2168"]
[PlyCount "88"]
[EventDate "2016.12.11"]
[EventCountry "CRO"]

1. e4 c5 2. Nf3 e6 3. d4 cxd4 4. Nxd4 Nc6 5. Be3 Qc7 6. Nc3 Nf6 7. Bd3 a6 8. f3
Nb4 9. a3 Nxd3+ 10. Qxd3 Be7 11. g4 d6 12. O-O-O O-O 13. h4 Nd7 14. f4 b5 15.
Nf3 Rb8 16. Ng5 Qc4 17. Bd4 Qxd3 18. Rxd3 a5 19. e5 b4 20. axb4 axb4 21. exd6
Bxd6 22. Ne2 Nc5 23. Re3 Ba6 24. Nh3 Rfc8 25. Rd1 b3 26. c3 Bf8 27. f5 Ra8 28.
Kd2 Bc4 29. Nf2 Ra2 30. Rb1 Na4 31. Nd1 Ba3 32. Nc1 Bxb2 33. Nxb2 Rxb2+ 34.
Rxb2 Nxb2 35. Re1 Ra8 36. Nxb3 Bxb3 37. c4 Nxc4+ 38. Kc3 Ba2 39. fxe6 fxe6 40.
Rxe6 Ra3+ 41. Kb4 Rd3 42. Kc5 Nd2 43. Re2 Nb3+ 44. Kb6 Rxd4 0-1

[Event "Zadar B Open 2016"]
[Site "Zadar"]
[Date "2016.12.13"]
[Round "4.9"]
[White "Buhin, Denis"]
[Black "Slamar, Velimir"]
[Result "1/2-1/2"]
[WhiteElo "1967"]
[BlackElo "2150"]
[PlyCount "50"]
[EventDate "2016.12.11"]
[EventCountry "CRO"]

1. Nf3 Nf6 2. c4 e6 3. d4 d5 4. Nc3 c5 5. cxd5 exd5 6. g3 Nc6 7. Bg2 Be7 8. O-O
O-O 9. dxc5 Bxc5 10. Bg5 d4 11. Bxf6 Qxf6 12. Ne4 Qe7 13. Nxc5 Qxc5 14. Rc1 Qb6
15. Qc2 h6 16. Ne1 Bg4 17. Bf3 Bxf3 18. Nxf3 Rfe8 19. a3 Re6 20. Rfe1 Rae8 21.
Kf1 Ne5 22. Nxe5 Rxe5 23. Qd2 Qe6 24. Kg2 Re4 25. Qd3 a6 1/2-1/2

[Event "Zadar B Open 2016"]
[Site "Zadar"]
[Date "2016.12.13"]
[Round "4.10"]
[White "Bozinovic, Bogdan"]
[Black "Klasan, Elvis"]
[Result "1-0"]
[WhiteElo "2202"]
[BlackElo "1949"]
[PlyCount "81"]
[EventDate "2016.12.11"]
[EventCountry "CRO"]

1. d4 d5 2. c4 c6 3. Nf3 Bf5 4. Qb3 b6 5. Nc3 e6 6. Bg5 Be7 7. Bxe7 Nxe7 8. e3
O-O 9. Be2 Nd7 10. O-O Bg4 11. Rac1 Rc8 12. Rfd1 f5 13. Ng5 Bxe2 14. Nxe2 Rf6
15. Nf4 Nf8 16. Nf3 Nd7 17. Nd3 h6 18. h4 Kh7 19. Qc2 Qg8 20. Nfe5 Nxe5 21.
dxe5 Rff8 22. h5 g5 23. hxg6+ Qxg6 24. Qa4 Rc7 25. Nf4 Qf7 26. cxd5 exd5 27.
Qc2 c5 28. e6 Qf6 29. Rxd5 Nxd5 30. Nxd5 Qg7 31. Nxc7 Qxc7 32. Rd1 Qe5 33. Rd7+
Kg6 34. e7 Re8 35. Rxa7 Rxe7 36. Rxe7 Qxe7 37. g4 Qg5 38. Qxf5+ Qxf5 39. gxf5+
Kxf5 40. f3 b5 41. a3 1-0

[Event "Zadar B Open 2016"]
[Site "Zadar"]
[Date "2016.12.13"]
[Round "4.11"]
[White "Brzic, Roko"]
[Black "Elishev, Ivan"]
[Result "0-1"]
[WhiteElo "1955"]
[BlackElo "2122"]
[PlyCount "74"]
[EventDate "2016.12.11"]
[EventCountry "CRO"]

1. b3 e5 2. Bb2 Nc6 3. e3 Nf6 4. Bb5 d6 5. d4 exd4 6. Bxc6+ bxc6 7. Qxd4 Be7 8.
Nf3 O-O 9. O-O c5 10. Qf4 Qd7 11. c4 Qf5 12. Qxf5 Bxf5 13. Nc3 Ne4 14. Nd5 Bd8
15. Rad1 a5 16. Ne1 Be6 17. f3 Bxd5 18. cxd5 Bf6 19. Bxf6 Nxf6 20. e4 Nd7 21.
Nd3 Rfb8 22. Rb1 Rb7 23. Rbc1 a4 24. Rc3 axb3 25. axb3 Ra3 26. Nc1 Rb4 27. Re1
Nb6 28. Rc2 f5 29. Rd2 fxe4 30. fxe4 Nd7 31. Rf2 Ne5 32. Ref1 Ra8 33. Rf4 h6
34. h3 Kh7 35. Re1 Ra1 36. Rff1 Rb1 37. Re2 Rd4 0-1

[Event "Zadar B Open 2016"]
[Site "Zadar"]
[Date "2016.12.13"]
[Round "4.12"]
[White "Tomas, Ante"]
[Black "Sindik, Dario"]
[Result "1-0"]
[WhiteElo "2107"]
[BlackElo "1915"]
[PlyCount "65"]
[EventDate "2016.12.11"]
[EventCountry "CRO"]

1. Nf3 c5 2. g3 g6 3. Bg2 Bg7 4. c4 Nc6 5. O-O Nh6 6. Nc3 Nf5 7. a3 O-O 8. Rb1
d6 9. b4 Rb8 10. e3 Ne5 11. Nxe5 Bxe5 12. Bb2 b6 13. Nd5 Bxb2 14. Rxb2 e6 15.
Nf4 Bb7 16. d4 Bxg2 17. Kxg2 Qf6 18. Ne2 Rfd8 19. Rc2 Ne7 20. Qd3 e5 21. Rd1
Nf5 22. Rcd2 exd4 23. exd4 Nxd4 24. Nxd4 cxd4 25. Qxd4 Qxd4 26. Rxd4 Rbc8 27.
Re1 Rc7 28. g4 Rdc8 29. Ree4 Rc6 30. g5 a6 31. a4 b5 32. cxb5 axb5 33. a5 1-0

[Event "Zadar B Open 2016"]
[Site "Zadar"]
[Date "2016.12.13"]
[Round "4.13"]
[White "Vidovic, Ante"]
[Black "Stojkovic, Andreja"]
[Result "1/2-1/2"]
[WhiteElo "2093"]
[BlackElo "1910"]
[PlyCount "74"]
[EventDate "2016.12.11"]
[EventCountry "CRO"]

1. Nf3 f5 2. g3 Nf6 3. Bg2 g6 4. c4 Bg7 5. Nc3 O-O 6. O-O Qe8 7. d4 d6 8. d5
Na6 9. Be3 Ng4 10. Bd4 Ne5 11. e3 h6 12. Ne1 Qf7 13. b3 Bd7 14. f4 Ng4 15. Nc2
c5 16. Bxg7 Qxg7 17. Qd3 Nc7 18. Rae1 Rab8 19. Nb5 Nxb5 20. cxb5 a6 21. Na3
axb5 22. h3 b4 23. hxg4 bxa3 24. gxf5 gxf5 25. e4 b5 26. e5 c4 27. bxc4 bxc4
28. Qxa3 Ra8 29. Qc3 Rxa2 30. Qxc4 Ra3 31. Qc7 Rxg3 32. Rf2 Be8 33. exd6 exd6
34. Qxd6 Bf7 35. Qe5 Re8 36. Qxg7+ Kxg7 37. Rxe8 Bxe8 1/2-1/2

[Event "Zadar B Open 2016"]
[Site "Zadar"]
[Date "2016.12.13"]
[Round "4.14"]
[White "Novak, Ivo"]
[Black "Valette, Christian"]
[Result "0-1"]
[WhiteElo "1867"]
[BlackElo "2084"]
[PlyCount "80"]
[EventDate "2016.12.11"]
[EventCountry "CRO"]

1. e4 e6 2. d4 d5 3. Nd2 Nf6 4. e5 Nfd7 5. f4 c5 6. c3 Nc6 7. Ndf3 cxd4 8. cxd4
Be7 9. Ne2 Nb6 10. Nc3 Bd7 11. Bd3 g6 12. O-O Rc8 13. Kh1 Nb4 14. Bb1 Nc4 15.
a3 Na6 16. Ne2 b5 17. b3 Na5 18. Bd2 Qb6 19. Bd3 Nb8 20. Rg1 Nbc6 21. Be3 Rc7
22. Qb1 b4 23. a4 Bc8 24. g4 Ba6 25. f5 Nb8 26. Ra2 Bxd3 27. Qxd3 Qa6 28. Qb1
Kd7 29. f6 Bd8 30. Ng5 Kc8 31. Rc2 Nbc6 32. Rgc1 h6 33. Nf3 Qd3 34. Rxc6 Qxe2
35. Rxc7+ Bxc7 36. Rxc7+ Kxc7 37. Qc1+ Kb8 38. Ng1 Qxg4 39. h3 Qe4+ 40. Kh2 Rc8
0-1

[Event "Zadar B Open 2016"]
[Site "Zadar"]
[Date "2016.12.13"]
[Round "4.15"]
[White "Dunatov, Kresimir"]
[Black "Cvitan, Ena"]
[Result "0-1"]
[WhiteElo "1919"]
[BlackElo "2079"]
[PlyCount "68"]
[EventDate "2016.12.11"]
[EventCountry "CRO"]

1. e4 c6 2. d4 d5 3. exd5 cxd5 4. Bd3 Nc6 5. c3 g6 6. Nf3 Bg7 7. O-O Nh6 8. Re1
O-O 9. Bf4 Bg4 10. h3 Bf5 11. Bxf5 Nxf5 12. Nbd2 b5 13. Nb3 a5 14. Nc5 b4 15.
a3 Nd6 16. axb4 axb4 17. Qb3 Nc4 18. Nd2 bxc3 19. bxc3 e5 20. Rxa8 Qxa8 21.
dxe5 Nxd2 22. Bxd2 Nxe5 23. Bf4 Nc4 24. Bg5 Re8 25. Rb1 h6 26. Bf4 g5 27. Bc1
Re1+ 28. Kh2 Be5+ 29. g3 d4 30. Nb7 Qa6 31. Nd8 Qa8 32. Nb7 Qa6 33. Nd8 Nd6 34.
cxd4 Qf1 0-1

[Event "Zadar B Open 2016"]
[Site "Zadar"]
[Date "2016.12.13"]
[Round "4.16"]
[White "Simunic, Krunoslav"]
[Black "Trippold, Denise"]
[Result "1/2-1/2"]
[WhiteElo "1866"]
[BlackElo "2057"]
[PlyCount "140"]
[EventDate "2016.12.11"]
[EventCountry "CRO"]

1. d4 Nf6 2. c4 e6 3. g3 c5 4. d5 exd5 5. cxd5 d6 6. Nc3 g6 7. e4 a6 8. a4 Bg7
9. h3 O-O 10. Nf3 Re8 11. Bd3 Nxe4 12. Nxe4 f5 13. Nfd2 fxe4 14. Nxe4 c4 15.
Bc2 Bf5 16. f3 Nd7 17. O-O Bxe4 18. Bxe4 Nc5 19. Qc2 Nb3 20. Ra2 Qb6+ 21. Kg2
Rac8 22. Bd2 Nc5 23. Be3 Qb3 24. Qxb3 cxb3 25. Ra3 Nxe4 26. fxe4 Rxe4 27. Rxb3
Be5 28. Bh6 Re2+ 29. Rf2 Rcc2 30. Rxe2 Rxe2+ 31. Kf3 Rxb2 32. Rxb2 Bxb2 33. Bf4
Ba3 34. Ke4 b5 35. axb5 axb5 36. Kd4 Kf7 37. Bg5 Ke8 38. g4 Kd7 39. Kc3 Kc7 40.
Be3 Bc5 41. Bg5 Kb7 42. Bd8 Ka6 43. Kb3 Be3 44. Kb4 Bb6 45. Be7 Bc5+ 46. Kb3
Ka5 47. Bd8+ Bb6 48. Be7 Bc5 49. Bd8+ Ka6 50. Bg5 Kb7 51. Bf6 Kc8 52. Kc3 Kd7
53. Kd3 Bb4 54. Bg5 Kc7 55. Kc2 Kb6 56. Kb3 Be1 57. Be3+ Ka5 58. Bf4 Bb4 59.
Bg5 Bc5 60. Bd8+ Ka6 61. Bg5 Kb7 62. Bh6 Kc7 63. Kc3 Kd7 64. Kd3 Ke8 65. Bg5
Kf7 66. Bd8 h6 67. Bh4 h5 68. Bg5 Bf2 69. Bf4 Bc5 70. Bg5 Bf2 1/2-1/2

[Event "Zadar B Open 2016"]
[Site "Zadar"]
[Date "2016.12.13"]
[Round "4.17"]
[White "Levar, Nenad"]
[Black "Bilus-Gagic, Ante"]
[Result "1/2-1/2"]
[WhiteElo "2015"]
[BlackElo "1904"]
[PlyCount "135"]
[EventDate "2016.12.11"]
[EventCountry "CRO"]

1. Nf3 Nf6 2. c4 c6 3. d4 d5 4. Nc3 e6 5. cxd5 exd5 6. Bg5 Be7 7. Qc2 Nbd7 8.
e3 Nh5 9. Bxe7 Qxe7 10. Be2 O-O 11. O-O f5 12. Bd3 g6 13. Rfe1 Ndf6 14. Rab1
Bd7 15. b4 a6 16. a4 Ne4 17. Ne5 Nxc3 18. Qxc3 Nf6 19. f3 Qd6 20. Qc5 Qe6 21.
e4 fxe4 22. fxe4 Kg7 23. exd5 Qxd5 24. Nxd7 Nxd7 25. Qxd5 cxd5 26. Rbc1 Rf7 27.
Rc7 Rb8 28. Re6 Kf8 29. Be2 Nf6 30. Rc2 Re8 31. Rxe8+ Kxe8 32. Bf3 Kd7 33. Rc5
Kd6 34. Rc8 Kd7 35. Rc1 Kd6 36. h3 Ne4 37. Rc8 Nf6 38. Kf2 Kd7 39. Rb8 Kc7 40.
Rh8 Kd6 41. Ke3 Rc7 42. b5 axb5 43. axb5 Rc3+ 44. Kf4 Rd3 45. Kg5 Ke7 46. Rb8
Ne4+ 47. Bxe4 dxe4 48. Kf4 Rxd4 49. Rxb7+ Kf6 50. Rxh7 Rb4 51. Rb7 g5+ 52. Ke3
Kf5 53. b6 Rb3+ 54. Kf2 Rb2+ 55. Ke1 Kf4 56. Rb8 Ke3 57. Kd1 Kf2 58. Kc1 Rb5
59. g4 e3 60. b7 e2 61. Rf8+ Kg3 62. Kd2 Rxb7 63. Rf5 Re7 64. Ke1 Kxh3 65. Rxg5
Re4 66. Rg8 Rxg4 67. Rxg4 Kxg4 68. Kxe2 1/2-1/2

[Event "Zadar B Open 2016"]
[Site "Zadar"]
[Date "2016.12.13"]
[Round "4.18"]
[White "Smodlaka, Ante"]
[Black "Miskovic, Bozo"]
[Result "1/2-1/2"]
[WhiteElo "1792"]
[BlackElo "1997"]
[PlyCount "95"]
[EventDate "2016.12.11"]
[EventCountry "CRO"]

1. f4 d5 2. Nf3 Nf6 3. d4 Bf5 4. g3 e6 5. Bg2 c5 6. c3 Nc6 7. Ne5 cxd4 8. Nxc6
bxc6 9. cxd4 Qb6 10. Nc3 Bb4 11. a3 Bxc3+ 12. bxc3 O-O 13. O-O c5 14. Be3 c4
15. h3 Be4 16. Bf3 Qa5 17. Qd2 Rab8 18. Rfc1 Rb3 19. a4 Rfb8 20. Qe1 Rb2 21.
Bd2 Bc2 22. g4 Ne4 23. Bxe4 Bxe4 24. Qd1 R8b3 25. Kf2 Qd8 26. Kg3 a5 27. h4 Qb6
28. Be3 Qd6 29. Bd2 Kf8 30. h5 Ke8 31. Kh3 Qb6 32. Be3 Kd7 33. Kg3 Kc6 34. Qf1
Qb8 35. Kh3 f5 36. g5 g6 37. h6 Rb1 38. Kg3 Rxa1 39. Rxa1 Rb1 40. Rxb1 Qxb1 41.
Qxb1 Bxb1 42. Kg2 Bc2 43. Kf2 Bxa4 44. Ke1 Bb3 45. Bc1 Kb5 46. Kd2 Ka4 47. Bb2
Ba2 48. Kc2 1/2-1/2

[Event "Zadar B Open 2016"]
[Site "Zadar"]
[Date "2016.12.13"]
[Round "4.19"]
[White "Baljak, Jadranko"]
[Black "Jelecevic, Ivo"]
[Result "0-1"]
[WhiteElo "1803"]
[BlackElo "2167"]
[PlyCount "50"]
[EventDate "2016.12.11"]
[EventCountry "CRO"]

1. d4 d5 2. c4 c6 3. Nf3 Nf6 4. Qc2 a6 5. g3 g6 6. Bg2 Bf5 7. Qb3 Qc8 8. Nc3
dxc4 9. Qxc4 Bg7 10. Ne5 O-O 11. O-O Nbd7 12. Nxd7 Qxd7 13. Rd1 Bh3 14. Bh1
Rad8 15. e3 Rfe8 16. Qe2 Bg4 17. Bf3 h5 18. b3 Qf5 19. Bxg4 hxg4 20. Bb2 Ne4
21. Nxe4 Qxe4 22. Rac1 Bf6 23. Qf1 Kg7 24. Qg2 Qf5 25. Rc5 Qxc5 0-1

[Event "Zadar B Open 2016"]
[Site "Zadar"]
[Date "2016.12.13"]
[Round "4.20"]
[White "Golubicic, Luka"]
[Black "Soric, Romeo"]
[Result "1/2-1/2"]
[WhiteElo "1910"]
[BlackElo "2115"]
[PlyCount "73"]
[EventDate "2016.12.11"]
[EventCountry "CRO"]

1. d4 Nf6 2. Nc3 d5 3. Bg5 Bf5 4. f3 c6 5. e3 Qb6 6. Rb1 Nbd7 7. Bd3 Bg6 8.
Nge2 e5 9. Bxg6 hxg6 10. a3 Bd6 11. Bxf6 Nxf6 12. h3 exd4 13. exd4 Kf8 14. O-O
Re8 15. Qd2 Bb8 16. f4 Qc7 17. Rf3 Ne4 18. Nxe4 Rxe4 19. Rbf1 Rh4 20. Kh2 g5
21. g3 g4 22. gxh4 gxf3 23. Rxf3 Qe7 24. Ng3 Re1 25. Qf2 g6 26. Kg2 Bd6 27. b4
b6 28. Rd3 Qe6 29. Rc3 Be7 30. f5 gxf5 31. Qxf5 Bxh4 32. Qxe6 Rxe6 33. Nf5 Bf6
34. Kf3 Ke8 35. Re3 Kd7 36. Ke2 Rxe3+ 37. Kxe3 1/2-1/2

[Event "Zadar B Open 2016"]
[Site "Zadar"]
[Date "2016.12.14"]
[Round "5.1"]
[White "Medancic, Rikard"]
[Black "Brkic, Ivica"]
[Result "1-0"]
[WhiteElo "2267"]
[BlackElo "2083"]
[PlyCount "89"]
[EventDate "2016.12.11"]
[EventCountry "CRO"]

1. d4 Nf6 2. Nf3 d5 3. Bg5 c5 4. e3 Nc6 5. c3 e6 6. Nbd2 Rb8 7. a4 c4 8. b3
cxb3 9. Qxb3 Be7 10. Bd3 O-O 11. O-O Na5 12. Qa2 Bd7 13. Ne5 Be8 14. c4 b6 15.
Rfc1 dxc4 16. Ndxc4 Nxc4 17. Bxc4 Nd5 18. Bxe7 Nxe7 19. Ba6 Nd5 20. Qc4 Qd6 21.
h3 Nb4 22. Bb5 a5 23. Bxe8 Rfxe8 24. Qc7 Qe7 25. Rab1 f6 26. Qxe7 Rxe7 27. Nc6
Nxc6 28. Rxc6 Reb7 29. Rxe6 Kf7 30. Rc6 b5 31. axb5 Rxb5 32. Rxb5 Rxb5 33. Rc7+
Kf8 34. g4 a4 35. Ra7 Rb1+ 36. Kg2 Ra1 37. h4 a3 38. h5 h6 39. Kf3 a2 40. Kf4
Kg8 41. Kf5 Kf8 42. Kg6 Rg1 43. Rxa2 Rxg4+ 44. Kf5 Rg5+ 45. Ke6 1-0

[Event "Zadar B Open 2016"]
[Site "Zadar"]
[Date "2016.12.14"]
[Round "5.2"]
[White "Berke, Ana"]
[Black "Sulc, Damir"]
[Result "1/2-1/2"]
[WhiteElo "2168"]
[BlackElo "2208"]
[PlyCount "24"]
[EventDate "2016.12.11"]
[EventCountry "CRO"]

1. e4 c5 2. Nf3 d6 3. d4 cxd4 4. Nxd4 Nf6 5. f3 g6 6. c4 Nc6 7. Nc3 Bg7 8. Be3
O-O 9. Be2 Qa5 10. Qd2 Nxd4 11. Bxd4 Be6 12. Be3 Rfc8 1/2-1/2

[Event "Zadar B Open 2016"]
[Site "Zadar"]
[Date "2016.12.14"]
[Round "5.3"]
[White "Popovic, Ivo"]
[Black "Stipic, Marko"]
[Result "1/2-1/2"]
[WhiteElo "2179"]
[BlackElo "2152"]
[PlyCount "36"]
[EventDate "2016.12.11"]
[EventCountry "CRO"]

1. e4 d6 2. d4 Nf6 3. Nc3 c6 4. f4 Qb6 5. Nf3 Bg4 6. e5 Nd5 7. Nxd5 cxd5 8. c3
Nc6 9. exd6 e6 10. d7+ Kxd7 11. Be2 Bf5 12. Ne5+ Nxe5 13. fxe5 Be7 14. O-O Rhf8
15. a4 a5 16. Bb5+ Kc7 17. Be3 Rac8 18. Qd2 Kb8 1/2-1/2

[Event "Zadar B Open 2016"]
[Site "Zadar"]
[Date "2016.12.14"]
[Round "5.4"]
[White "Valette, Christian"]
[Black "Muratovic, Enver"]
[Result "1/2-1/2"]
[WhiteElo "2084"]
[BlackElo "2224"]
[PlyCount "125"]
[EventDate "2016.12.11"]
[EventCountry "CRO"]

1. d4 d5 2. Nf3 e6 3. e3 Nf6 4. Bd3 Nbd7 5. b3 c6 6. Bb2 a5 7. a4 Bb4+ 8. Bc3
Qe7 9. Bxb4 axb4 10. Nbd2 e5 11. dxe5 Nxe5 12. Nxe5 Qxe5 13. O-O Bg4 14. Be2
Bf5 15. Bd3 Bg4 16. Be2 Bxe2 17. Qxe2 O-O 18. Qd3 Rfe8 19. Rae1 Rad8 20. h3 Rd7
21. Nf3 Qe7 22. Nd2 Qc5 23. Re2 Rde7 24. Rfe1 Re6 25. Kf1 Qd6 26. Kg1 Qc5 27.
Kf1 Qe7 28. Kg1 g6 29. Kf1 Nh5 30. Nf3 f5 31. Nd4 Re4 32. Nf3 h6 33. Nd2 Re6
34. Nf3 Kh7 35. Nd4 Re4 36. Nf3 Qc7 37. Kg1 Qe7 38. Kf1 Qd6 39. Kg1 Qc5 40. Kf1
Qe7 41. Nd2 Re6 42. Nf3 Qc7 43. Kg1 Qd6 44. Nd4 R6e7 45. Nf3 Nf6 46. Nd2 Qc5
47. Kf1 Re6 48. Kg1 Kg7 49. Kf1 Kf7 50. Kg1 Nh5 51. Nf3 Re4 52. Nd2 R4e6 53.
Nf3 Nf6 54. Nd2 R6e7 55. Kf1 Qd6 56. Kg1 Rd7 57. Rc1 Qe7 58. Rce1 Qc5 59. Kf1
Rde7 60. Kg1 Qb6 61. Kf1 Qc7 62. Kg1 Rc8 63. Qd4 1/2-1/2

[Event "Zadar B Open 2016"]
[Site "Zadar"]
[Date "2016.12.14"]
[Round "5.5"]
[White "Bozanic, Ivica"]
[Black "Tomas, Ante"]
[Result "1/2-1/2"]
[WhiteElo "2216"]
[BlackElo "2107"]
[PlyCount "63"]
[EventDate "2016.12.11"]
[EventCountry "CRO"]

1. f4 e5 2. fxe5 d6 3. Nf3 dxe5 4. e4 Bc5 5. Bc4 Nf6 6. d3 O-O 7. Bg5 h6 8. Bh4
Nc6 9. Nc3 Bg4 10. Qd2 Bxf3 11. gxf3 Nxe4 12. fxe4 Qxh4+ 13. Kd1 Nd4 14. Qg2 c6
15. a4 Qh5+ 16. Ne2 Kh8 17. c3 Nxe2 18. Qxe2 Qxe2+ 19. Kxe2 f5 20. b4 Be7 21.
exf5 Rxf5 22. Raf1 Raf8 23. Rxf5 Rxf5 24. Rf1 Rxf1 25. Kxf1 Kh7 26. Ke2 Kg6 27.
Be6 Bg5 28. Bc8 b6 29. Bd7 c5 30. bxc5 bxc5 31. c4 Bf4 32. h3 1/2-1/2